[Event "Hastings 0304 79th"]
[Site "Hastings"]
[Date "2004.01.02"]
[Round "6"]
[White "Epishin, Vladimir"]
[Black "Cherniaev, Alexander"]
[Result "1-0"]
[WhiteElo "2658"]
[BlackElo "2476"]
[Annotator "Mikhalevski,V"]
[PlyCount "67"]
[EventDate "2003.12.28"]
[EventType "tourn"]
[EventRounds "9"]
[EventCountry "ENG"]
[EventCategory "13"]
[SourceTitle "CBM 099"]
[Source "ChessBase"]
[SourceDate "2004.03.30"]
[SourceVersion "1"]
[SourceVersionDate "2004.03.30"]
[SourceQuality "1"]

1. Nf3 d5 2. d4 c6 3. c4 Nf6 4. e3 e6 {Slav defense is on the board.} 5. Bd3 {
White's trying to avoid long theoretical lines and leaving his knight on b1
for a while keeping an option of Nbd2.} (5. Nc3 {leads to the main lines of
Meran.}) 5... a6 {[%cal Gb7b5] I don't think that this typical for Slav
defense idea is justified here since the knight is still on b1.} 6. O-O c5 $6 {
I don't see a point in losing a tempo this way. The best Black can get is QGA
a tempo down.} (6... b5 {would be a logical follow up of 5...a6}) 7. b3 {
[%cal Gc1b2] Preparing Bb2.} Nc6 8. Bb2 {Now it's not easy to find a useful
move without either losing another tempo for Be7xc5 or exchanging in the
centre which also seems to be in White's favor.} Be7 (8... dxc4 9. bxc4 Be7 10.
Nc3 cxd4 11. exd4 Nxd4 $6 (11... O-O $5) 12. Nxd4 Qxd4 13. Nd5 Qc5 14. Ba3 Qxa3
(14... Qa5 15. Bxe7 Nxd5 16. Bd6 {and Black's king is stuck in the centre.})
15. Nc7+ Kf8 16. Nxa8 Bd7 17. Be2 Qc5 18. Rb1 Bc6 19. Bf3 Ne4 20. Qd3 {[%cal
Ga8b6] and in this better for White position a draw was suddenly agreed 1/2-1/
2 Volkmann,F-Lipinsky,F/Austria 1998/EXT 2000 (20)}) (8... cxd4 9. exd4 Be7 10.
Re1 O-O 11. Nc3 g6 12. Qd2 Re8 13. Rac1 Bf8 14. c5 $14 {and White got a nice
position and eventually won 1-0 Schlosser,P-Stajcic,N/Kecskemet 1992/CBM 29 
(53)}) 9. cxd5 $5 {This move order has its advantages and disadvantages. Now
the Bd3 is guarded by Q, comparing to 9.Nbd2 0-0 10.cxd5 where Black could
play Nb4. However after early exchange in the centre Black gets a chance to
develop light-squared bishop before castling. However later doesn't look like
an important factor. The B is not doing much on g4.} ({It was also possible to
start with} 9. Nbd2 $5 {Not allowing Bg4 which has become possible after 9.
cxd5 exd5. However now the d3-bishop remains unguarded and Black gets a chance
to meet 10.cxd5 with Nb4.} O-O 10. cxd5 (10. dxc5 $5) 10... exd5 $2 {This
natural move turns out to be a blunder.} (10... Nb4 $142 $5) 11. Rc1 $6 ({
White misses a chance to win a pawn with} 11. dxc5 $1 Bxc5 12. Bxf6 Qxf6 13.
Bxh7+ (13. Qc2) 13... Kh8 (13... Kxh7 14. Qc2+ {[%csl Rc5,Rh7]}) 14. Bd3 $16)
11... cxd4 12. Nxd4 Nxd4 13. Bxd4 $14 {1/2-1/2 Khenkin,I-Rychagov,A/Athens
2000/EXT 2001 (31). (31)}) 9... exd5 10. Nbd2 Bg4 {Black forces favourable for
White exchange. However it's not easy to advise anything better except maybe
10...Nb4.} (10... O-O $2 {loses a pawn like after 9.Nbd2.} 11. dxc5 $1 Bxc5 12.
Bxf6 Qxf6 13. Bxh7+ $1 Kxh7 14. Qc2+ {[%csl Rc5,Rh7]}) (10... Nb4 $5 {it looks
better than immediate b6.} 11. Bb1 b6 12. a3 Nc6 13. Bd3 $14 {which means that
10...b6 was met by 11. a3, which is in Black's favour compared to 11.Rc1.
Nevertheless White is better.}) (10... b6 11. Rc1 $1 Nb4 $140 $6 12. Bb1 {
and the R is already on c1.}) 11. dxc5 $1 {There was a positional threat of
cxd4. With this move White wins another tempo (Bf8-e7xc5) and creates a
weakness on d5.} Bxc5 12. h3 {A useful move before starting operations on the
other side of the board.} Bh5 13. a3 {[%cal Gb3b4] Preparing to take some
space on the Q-side with b4.} Bb6 14. b4 O-O 15. Qb3 $1 {Unpinning the N on f3.
} ({In case of} 15. Rc1 {[%cal Gc1c2,Gd1a1] Black could develop some activity
with} d4 $5 16. e4 ({Or} 16. Nc4 dxe3 17. Nxb6 Qxb6 18. Bxf6 gxf6 19. Rc5 Bg6)
16... Ne5 {[%csl Rd3] making use of above-mentioned pin.} 17. Be2 Bxf3 $1 18.
Nxf3 Re8 $1 $132 {[%csl Re4]}) (15. Qc2 d4 16. e4 Rc8 17. Qb3 Re8 {and
compared to the game White's a tempo down.}) 15... d4 16. e4 Nd7 $6 {[%cal
Gd7e5] Serious inaccuracy.} ({Natural} 16... Re8 {[%csl Re4][%cal Gh5f3] with
the idea Bxf3 was clearly better.} 17. Rfe1 Bc7 {[%cal Gc7f4]}) 17. Bc4 $1 {
[%cal Gc4d5] White finds an interesting way to improve his position meeting at
the same time Nde5. The bishop goes to d5.} Nde5 18. Bd5 {[%csl Gd5] Now the
bishop will be very annoying here. Black has to start thinking of his d-pawn.}
Nxf3+ 19. Nxf3 Qd7 (19... Qf6 20. Rfd1 {[%cal Gd1d3]} Bxf3 21. Qxf3 Qxf3 22.
gxf3 {with a nice position for White.}) 20. Rfd1 $1 {[%cal Gd1d3] The rook
goes to d3. Starting from here White doesn't leave a single chance.} Rfe8 21.
Rd3 Bg6 {[%csl Re4][%cal Gg6e4]} 22. Re1 Rad8 23. Qd1 {[%csl Rd4][%cal Gf3d4]
The d-pawn is in danger.} Qe7 ({After} 23... Bh5 {White can choose between
winning a pawn with} 24. g4 ({and a slow positional pressure by means of} 24.
Qd2 $5) 24... Bg6 25. Nxd4 Bxe4 $140 26. Nxc6 (26. Bxe4 {is also not bad:} Nxd4
27. Bxd4 Bxd4 28. Bxh7+ Kxh7 29. Rxe8 Qxe8 30. Rxd4 $16) 26... Bxd3 27. Nxd8
Rxe1+ 28. Qxe1 Bxd8 29. Qe5 $1 Bf6 30. Qb8+ Bd8 31. Qxb7 Qxb7 32. Bxb7 $16) 24.
Rd2 $1 {A professional decision. White's not in a hurry. Instead of winning a
pawn which leads to a better endgame with Q and a passed pawn vs two rooks, he
takes his rook away from possible tactical tricks and keeps all options open.}
(24. Bxc6 $5 bxc6 25. Bxd4 Bxe4 26. Rde3 Bxd4 27. Nxd4 Qe5 28. Rxe4 Qxe4 29.
Rxe4 Rxe4 30. Qd3 Rexd4 31. Qxa6 $16) ({But of course not} 24. Nxd4 $4 Rxd5 {
[%csl Re1]}) 24... Ba7 $6 {After this move Black loses a pawn without any
compensation.} (24... Bh5 {would be a better practical chance:} 25. g4 Bg6 26.
Bxc6 bxc6 27. Bxd4 c5 28. Bxc5 Bxc5 29. bxc5 Rxd2 30. Qxd2 Qxc5 31. Qd7 $1 Kf8
32. Qa4 $16 {and although White's a pawn up his king's not very safe.}) 25.
Bxc6 {Dinner time.} bxc6 26. Bxd4 $16 Bb8 27. Bc5 Rxd2 28. Qxd2 Qe6 29. e5 $1 {
Practically the best. White avoids unnecessary complications.} ({Although} 29.
Nh4 $1 {might be objectively the strongest, it required precise calculation
and thus a chance to go wrong.} Qe5 30. Qd7 $1 {[%csl Re8][%cal Gf2f4]} Qh2+
31. Kf1 f6 32. Nxg6 Qh1+ 33. Ke2 Rxe4+ 34. Be3 $1 {[%csl Rh1]} (34. Kf3 $2 Qxe1
$1 35. Ne7+ Rxe7 36. Qxe7 $11) 34... Rxe3+ $8 35. fxe3 Qxg2+ 36. Kd1 Qxg6 37.
Qc8+ Kf7 38. Qb7+ ({Of course not} 38. Qxb8 $4 Qd3+ 39. Kc1 Qc3+ {with
perpetual.}) 38... Ke6 39. Qxc6+ $18) 29... h6 $5 (29... Qd5 {could hardly
help:} 30. Qxd5 cxd5 31. Bd6 $1) 30. Qe3 {[%cal Gc5d6] Knowing Epishin I may
guess that the rest of the game was played in a severe time-trouble.} (30. Nd4
$1 Qd5 31. f4 {[%cal Gd2f2]}) 30... Qd5 31. Qd4 (31. Re2 $5 {[%cal Ge2d2,Gc5d6]
}) 31... Qe6 ({or} 31... Qb3 32. Qd7) 32. Bd6 $1 {Exchange of the dark-squared
bishops takes away last chances for escape.} Qb3 33. Qb6 $1 {[%csl Ra6,Rc6]}
Bxd6 34. Qxc6 $1 {[%csl Rd6,Re8] White's precise to the very end. A very good
game by mature GM.} 1-0

[Event "USA-ch"]
[Site "San Diego"]
[Date "2004.12.02"]
[Round "7"]
[White "Akobian, Varuzhan"]
[Black "Schneider, Dmitry"]
[Result "1-0"]
[WhiteElo "2571"]
[BlackElo "2453"]
[Annotator "Mikhalevski,V"]
[PlyCount "66"]
[EventDate "2004.11.24"]
[EventType "swiss"]
[EventRounds "9"]
[EventCountry "USA"]
[SourceTitle "CBM 105"]
[Source "ChessBase"]
[SourceDate "2005.04.11"]
[SourceVersion "1"]
[SourceVersionDate "2005.04.11"]
[SourceQuality "1"]

1. d4 d5 2. Nf3 c6 3. c4 e6 4. g3 dxc4 5. Bg2 b5 6. O-O Bb7 7. a4 Nf6 8. Ne5 {
I have been Varuzhan's second during the USA-ch in San Diego 2004 and
recommended this line. The next Black's move came as a surprise for us.} Qc8 {
This rare line brought Black good results in the past. Black's idea is simple:
he protects the b7-bishop preparing this way for axb5 and gets ready for
completing development by means of Be7 and 0-0.} 9. b3 $1 {Despite having no
experience with these positions White finds the most dangerous for Black reply.
He puts additional presure on the b5-pawn and prepares Rc1 in order to exploit
the position of the black queen on c8.} cxb3 10. Qxb3 b4 (10... a6 {was also
tested once. However after} 11. Ba3 $1 Bxa3 12. Qxa3 Nbd7 13. Nc3 Nxe5 $2 (
13... Qc7 $5) 14. dxe5 Nd5 15. Ne4 $16 {White obtained a clear positional
advantage. 0-1 Voith,W-Rohrmueller,H/Germany 2003/EXT 2005 (44)}) 11. Bb2 $1 {
A deep move. White not only frees the c1-square for the rook, but rather
places the bishop on the long diagonal, which after the program c5 will be
opened.} ({Earlier White played} 11. a5 Nbd7 (11... Be7 12. Qa4 $6 (12. Qf3 $5
$44) 12... O-O 13. a6 Bxa6 14. Nxc6 Nxc6 15. Qxa6 Nd5 $17 {0-1 Ivanisevic,
D-Puljek Salai,Z/Jajce 1986/EXT 97 (28)} (15... Qxa6 16. Rxa6 Nxd4 17. Bxa8
Nxe2+ 18. Kg2 Rxa8 19. Be3 Nd5 20. Kf3 {promises chances for escape.})) (11...
Bd6 12. Bd2 $6 c5 13. Bxb7 Qxb7 14. a6 $6 (14. Nc4 $5 Be7 15. dxc5 Bxc5 16. Be3
{was a better chance.}) 14... Qd5 15. Qa4+ Ke7 16. Nd3 Qxd4 17. Be3 Qd5 {
and White obtaoned no sufficient compensation. 0-1 Sulava,N-Milovanovic,R/Pula
1990/EXT 2000 (32)}) 12. f4 $2 (12. Nxd7 Nxd7 13. Qf3 $1 {[%cal Ga5a6]
promised some compensation.}) 12... c5 13. d5 Nxe5 14. fxe5 c4 15. Qa4+ Nd7 16.
dxe6 fxe6 $19 {with a decisive advantage for Black. 0-1 Mishuchkov,N-Berezin,I/
Odessa 1972/EXT 2001 (26). (26)}) (11. Be3 {This direct move is aimed against
c5, but also is not enough.} Nd5 (11... Nbd7 $5) 12. Nd2 Be7 13. Rfc1 O-O 14.
a5 (14. Ne4 $5) 14... Nc3 15. Re1 Rd8 16. Ne4 Nxe4 $2 (16... c5 $1 17. Nxc3
cxd4 $1 18. Bxb7 Qxb7 19. Bxd4 Rxd4 $17) 17. Bxe4 c5 18. Bxb7 Qxb7 19. dxc5 $13
{1-0 Filippov,V-Averchenko,S/Seversk 1997/EXT 2000 (27). (26)}) 11... Nbd7 ({
Also after immediate} 11... c5 {White is better, but he has to play very fast
to maintain initiative.} 12. Bxb7 Qxb7 13. dxc5 $1 Bxc5 14. Rc1 $1 Na6 15. Nd3
$1 Be7 16. Qc4 $1 {[%cal Gc4b5,Gc4c6] with the idea} O-O 17. Qb5 $1 {[%csl Ra6]
} Rfb8 $1 18. Be5 Ne8 $1 19. Bxb8 Rxb8 20. Nd2 $14) 12. Nxd7 $1 Qxd7 ({Also} 
12... Nxd7 {doesn't promise equality after} 13. Rc1 $1 c5 14. e4 $1 {and Black
is under pressure.}) 13. Rc1 $1 {[%csl Rc5]} Rc8 {Both sides are fighting for
the c5-square. While White was trying to prevent c5 or make it more difficult,
Black at his turn prepares this advance and it may seem that he has succeeded
in it. However...} 14. Nd2 {White finds a very strong idea to meet 14...c5.} c5
15. Bxb7 Qxb7 16. Qc4 $1 {Akobian creates a very unpleasant threat of Nb3 and
his development advantage starts to play its role.} Rd8 {Pinning the d4-pawn
Black escapes from the pin along the c-file, but it doesn't solve his problems.
} (16... Rc7 $5 17. Nb3 Ne4) 17. Nb3 $1 {Strengthening the pressure.} cxd4 18.
Bxd4 {[%cal Gc4b5]} a6 {Preventing a positional threat of Qb5+.} ({A tactical
trick:} 18... Ne4 19. Qb5+ $1 Qxb5 20. axb5 Nd2 21. Nxd2 Rxd4 22. Nb3 $1 Rd8
23. Rxa7 {promises nothing good for Black.}) 19. Qc6+ $1 {White is satisfied
with a positional advantage at the endgame. The passed a-pawn and a strong
position of the white knight on b3 are sufficient factors to claim an
advantage.} Qxc6 20. Rxc6 Bd6 ({Also after} 20... Ra8 21. Rac1 {White will
soon trade the rooks and win the a6-pawn.} (21. Bxf6 $5 gxf6 22. Rac1)) 21.
Rxa6 $14 {Finally White returned a pawn and enjoys from a better position of
his pieces.} Ke7 22. Rd1 $1 {[%csl Rd6] Black starts to experience some
concrete problems with his d6-bishop.} Rd7 $2 {Tired after a difficult defense
Black commits a blunder.} (22... e5 $14 {was better.}) 23. Nc5 $1 $18 {Now he
can't avoid big material losses.} Rc7 (23... Bxc5 {was a better practical
chance since after} 24. Bxc5+ Kd8 {White would have to avoid a well-hidden
trap.} 25. Ra8+ $2 (25. Rb1 $1 $18 {leads to a decisive advantage.}) 25... Kc7
26. Rxd7+ Nxd7 27. Rxh8 Nxc5 {and suddenly the b-pawn is extremely strong. For
example} 28. Ra8 Kb6 $1 (28... b3 $2 29. Ra5 Kc6 30. Rb5 $18) 29. Rb8+ Nb7 {
and White has to look for escape.}) 24. Nxe6 $2 {A right idea, but a wrong
moves order.} (24. Bxf6+ gxf6 ({or} 24... Kxf6 25. Ne4+ {[%csl Rd6,Rf6]}) 25.
Nxe6 $1 fxe6 (25... Rd7 26. Nd4 $1 $18 {[%cal Gd4f5]}) 26. Rdxd6 {[%csl Re6,
Rf6] would win easily.}) 24... fxe6 25. Bxf6+ {Now} Kxf6 {is possible and
White will have to solve technical problems on his way to a win.} 26. Rdxd6 Re8
({Black could try} 26... Rb8 $5 27. Rxe6+ Kf7 28. Rab6 (28. Red6 $5 {with the
idea} b3 29. Rab6 Rcb7 30. Rd7+ $1 Rxd7 31. Rxb8 $18) 28... Rcb7 29. Rxb7+ Rxb7
30. Rd6 Ra7 $5 {, but I believe White still should be able to win the game.} (
30... b3 $6 31. Rd1 Ke6 32. a5 $1 b2 33. Rb1 Kd5 34. a6 {and exchanging a and
b-pawns White wins.})) 27. Rdb6 Rc1+ 28. Kg2 Rb1 29. Rb5 b3 30. Rab6 Ra8 31. a5
g6 $6 (31... b2 $142) 32. a6 b2 33. Rb3 Ra1 {And here Schneider's phone
suddenly rang and he had followed Ponomariov's fate. Nevertheless it has to be
said that his position is still difficult.} (33... Ra1 34. Rf3+ Kg7 $1 (34...
Ke5 35. Rb5+ Kd4 36. Rd3+ Kc4 37. Rxb2 R8xa6 38. Rc2+ Kb4 39. Rc7) 35. Rb7+ (
35. Rxb2 Ra7 $1) 35... Kh6 36. Rxb2 Ra7 $1 {and despite a big advantage White
still has to show good techique to win the game. For example} 37. Rb7 R1xa6 38.
Rff7 Rxb7 39. Rxb7 g5 {may be defendable for Black.}) 1-0